000 00342nam a2200133Ia 4500
005 20260326100034.0
008 260326s9999||||xx |||||||||||||| ||und||
100 _aKunz, Martin Nicholas
245 0 _aEcológical Hotels /
_cMartin Nicholas Kunz
260 _bav edition
300 _a168 p.
650 _aARQUITECTURA RESIDENCIAL
942 _cBK
999 _c6715
_d6715